000 00571nam a22001937a 4500
999 _c17994
_d17994
003 AR-CdUCM
008 190511b ||||| |||| 00| 0 spa d
040 _aMUNICIPALIDAD PROVINCIAL DEL CUSCO
_cBIBLIOTECA MUNICIPAL DEL CUSCO
082 _aPI / 803 /
_bB24
100 _aBaños Estrada, Martha Sonia.
_938307
245 _aMitos y cuentos de mi pueblo /
260 _aCusco :
_bSonny Graff,
_c2013.
300 _c21 cm.
500 _aTexto sin numeración.
650 _aCuentos.
_9217
650 _aMitos.
_912603
942 _2ddc
_cLIBROS
945 _arum
_d2019-05-11